Storia del fumetto : autori e personaggi dalle origini a oggi /

Guardat en:
Dades bibliogràfiques
Autor principal: Guerrera, Manfredo (Autor)
Format: Llibre
Idioma:italià
Publicat: Roma : Tascabili Economici Newton, 1995
Col·lecció:Il sapere ; 66
Matèries:
Etiquetes: Afegir etiqueta
Sense etiquetes, Sigues el primer a etiquetar aquest registre!

MARC

LEADER 00000nam a22000007i 4500
001 IT\ICCU\RAV\0254639
003 ItRI
005 20260115232145.0
008 950519s1995 it |||||| ||||| |||||c
020 |a 9788879838849 
040 |b ita  |c importazione bologna sebina 
041 7 |a ita  |2 ISO-639-2 
082 |a 741.509  |9 VIGNETTE, CARICATURE, FUMETTI. TRATTAMENTO STORICO E GEOGRAFICO  |2 20 
100 1 |a Guerrera, Manfredo  |0 IT\ICCU\RAVV\092274  |4 aut 
240 1 0 |a Storia del fumetto  |3 IT\ICCU\UBO\4603525  |9 Guerrera, Manfredo 
245 1 0 |a Storia del fumetto :  |b autori e personaggi dalle origini a oggi /  |c Manfredo Guerrera. 
260 |a Roma :  |b Tascabili Economici Newton,  |c 1995 
300 |a 95 p. ;  |c 20 cm 
650 7 |a Fumetti  |x Storia 
752 |a it   |d Roma 
830 3 |a Il sapere ;  |v 66  |0 IT\ICCU\RAV\0233857 
942 |2 ddc  |c BK  |n 0 
952 |0 0  |1 0  |4 0  |6 DOC_741_509000000000000_GUE  |7 0  |9 21081  |a BO  |b BO  |d 2026-01-15  |i 14258  |l 0  |o DOC 741.509 GUE  |p BO14258  |r 2026-01-15 23:21:45  |w 2026-01-15  |x [Sebina 5] [1 v.]  |y BK  |z 1 v. 
999 |c 18013  |d 18013